| 000 | 00442nam a22001577a 4500 | ||
|---|---|---|---|
| 005 | 20251108173347.0 | ||
| 008 | 250721s1997 xx 000 0 ara d | ||
| 082 | 1 | 4 | _aم/811.9611 |
| 245 | 1 | 0 | _aشرح ديوان أبي القاسم الشابي / |
| 264 | 1 |
_aبيروت : _bدار الفكر العربي، _c1997. |
|
| 300 | _a215ص. | ||
| 650 | 1 | 7 | _aالشعر العربي |
| 650 | 1 | 7 | _aتونس |
| 942 |
_2ddc _cBK |
||
| 999 |
_c102098 _d102098 |
||